Stolice Państw z dostępem do Morza Bez mapy - Statystyki

Ogólne statystyki
  • Ten quiz został rozwiązany 12 razy
  • Średni wynik to 25 z 29
Statystyki odpowiedzi
Kraj Stolica % Poprawnych
Holandia Amsterdam
100%
Grecja Ateny
100%
Niemcy Berlin
90%
Belgia Bruksela
90%
Rumunia Bukareszt
90%
Irlandia Dublin
90%
Finlandia Helsinki
90%
Ukraina Kijów
90%
Dania Kopenhaga
90%
Portugalia Lizbona
90%
Wielka Brytania Londyn
90%
Hiszpania Madryt
90%
Rosja Moskwa
90%
Norwegia Oslo
90%
Francja Paryż
90%
Włochy Rzym
90%
Polska Warszawa
90%
Chorwacja Zagrzeb
90%
Słowenia Lublana
80%
Monako Monako
80%
Czarnogóra Podgorica
80%
Łotwa Ryga
80%
Bułgaria Sofia
80%
Szwecja Sztokholm
80%
Estonia Tallin
80%
Albania Tirana
80%
Litwa Wilno
80%
Malta Valletta
70%
Islandia Rejkiawik
40%
Nie znaleziono quizów pasujących do podanych kryteriów
Rozkład punktacji
Procent ludzi z każdym wynikiem
Percentyl według liczby udzielonych odpowiedzi
Twoja historia wyników
Nie rozwiązałeś tego quizu